| Tag |
First Indicator |
Second Indicator |
Subfields |
| LEADER |
00000cam a2200000 4500 |
| 001 |
in00000098329 |
| 005 |
20150925115527.0 |
| 008 |
730305s1964 eng u |
| 010 |
|
|
|a 65008763
|
| 035 |
|
|
|a (OCoLC)00568821
|
| 035 |
|
|
|9 AAL3266AM
|
| 040 |
|
|
|c WSU
|d TXA
|d UtOrBLW
|
| 049 |
|
|
|a TXAM
|c [454281]
|
| 090 |
|
|
|a TL788
|b .N3 1964
|
| 100 |
1 |
|
|a Nayler, J. L.
|q (Joseph Lawrence),
|d 1891-
|
| 245 |
1 |
2 |
|a A dictionary of astronautics.
|
| 264 |
|
1 |
|a New York :
|b Hart Pub. Co.,
|c [1964]
|
| 300 |
|
|
|a 316 pages
|
| 336 |
|
|
|a text
|b txt
|2 rdacontent
|
| 337 |
|
|
|a unmediated
|b n
|2 rdamedia
|
| 338 |
|
|
|a volume
|b nc
|2 rdacarrier
|
| 650 |
|
0 |
|a Astronautics
|v Dictionaries.
|
| 999 |
|
|
|a MARS
|
| 999 |
f |
f |
|s 76457a71-f68f-345e-be48-ec4d713988d9
|i 40f080c5-9787-3a85-8165-0ff4239853b5
|t 0
|
| 952 |
f |
f |
|p ric
|a Texas A&M University
|b Rellis Campus
|c Joint Library Facility
|d Remote Storage
|t 0
|e TL788 .N3 1964
|h Library of Congress classification
|i unmediated -- volume
|m A14805555057
|
| 998 |
f |
f |
|a TL788 .N3 1964
|t 0
|l Remote Storage
|